000 01155nam a2200277 a 4500
001 7455
003 BD-RjUL
005 20211208234421.0
008 14 t19481948enk 001 0 eng u
035 _a(BD-RjUL)7498
040 _aFTU
_dEQO
_dBD-RjUL
_beng
_cBD-RjUL
041 _aeng
082 0 4 _216
_a306.8
_bFOF 1948
090 _aHQ728
_b.F56 1949
100 1 _aFolsom, Joseph K.
_q(Joseph Kirk),
_d1893-1960.
_923289
245 1 4 _aThe family and democratic society /
_cJoseph Kirk Folsom ; with chapters in collaboration with Marion Bassett.
260 _aLondon :
_bRoutledge & Kegan Paul,
_c1949.
300 _axi, 755 p. :
_bill ;
_c24 cm.
500 _a"First intended to be a revision of my The family; its sociology and social psychiatry, published ... in 1934 ... the present volume emerges essentially as a new treatise, with liberal quotations from its predecessor."--Pref.
650 0 _aFamilies.
_923290
650 0 _aMarriage.
_923291
650 0 _aSocial history.
_916899
700 1 _aBassett, Marion.
_923292
830 0 _aInternational library of sociology and social reconstruction (Routledge & Kegan Paul)
_923297
942 _2ddc
_cBK
999 _c7455
_d7455